000
00335nam a2200133 a 4500
005
20140513081057.0
008
080110s19uu xx 00 eng d
050
_a
VCD
_b
Ma297 2005
245
_a
Map adventures/.
260
_b
Viacom International,
_c
2005.
440
_a
Dora the explorer
650
_a
Map-direction.
999
_c
116606
_d
116606